[Event "CZE-tht Extraliga 2017-18"]
[Site "Czech Republic"]
[Date "2017.12.02"]
[Round "3.2"]
[White "Smajzr, Martin"]
[Black "Shengelia, David"]
[Result "0-1"]
[WhiteElo "2225"]
[BlackElo "2557"]
[Annotator "TA"]
[PlyCount "94"]
[EventDate "2017.??.??"]
[EventType "team-tourn"]
[EventCountry "CZE"]
[SourceTitle "playchess.com"]
[Source "ChessBase"]
[SourceQuality "1"]

{[%evp 12,94,0,-11,12,8,15,1,6,0,0,-22,12,8,59,20,30,-36,9,-45,0,-49,-57,-68,-68,-83,-93,-85,-79,-77,-66,-77,-54,-75,-39,-49,-55,-68,-62,-114,-95,-131,-59,-75,0,0,0,0,0,0,91,-111,64,66,117,40,40,0,0,0,0,0,0,-439,-14,-6,-42,-562,0,0,27,31,102,-75,-43,-927,-954,-12841,-12842,-12842,-6366,-12845,-12843,-12844,-12844]} 1. e4 c5 2. Nc3 a6 3. a4 Nc6 4. f4 g6 5. Nf3 Bg7 6. g3 {B23: Closed Sicilian: Lines without g3} d6 7. Bg2 {LiveBook: 4 Games} e5 8. d3 {The position is equal.} Nge7 9. O-O O-O 10. fxe5 $146 ({Predecessor:} 10. Be3 Nd4 11. Qd2 Bg4 {½-½ (39) Lobejko,R (2355)-Jakubiec,A (2532) Poronin 2012}) 10... dxe5 11. Kh1 h6 12. Be3 Nd4 (12... b6 $11) 13. Qd2 Kh7 14. Rf2 (14. a5 $11) 14... Be6 15. Raf1 (15. a5 $11) 15... Qd7 16. Qc1 b5 17. axb5 axb5 18. Qd2 b4 19. Ne2 Ra2 20. Rb1 Nec6 21. Nc1 Ra5 22. c3 Nxf3 23. Bxf3 Rd8 24. c4 Bf8 $1 25. Qe1 (25. Nb3 $15) 25... Raa8 $17 26. Qf1 Nd4 {[#]} (26... Kg8 $17 27. Rd2 Nd4) 27. Bg4 $1 $15 {[%mdl 512]} Bxg4 ({Better is} 27... Kg8 $17 28. Bxd4 Bxg4 29. Bxe5 Ra6) 28. Rxf7+ $11 {[#]} Qxf7 $1 {[%mdl 512]} 29. Qxf7+ Bg7 30. Bxd4 Rxd4 (30... cxd4 $11 31. Kg2 Rd7) 31. Nb3 $2 (31. Kg2 $16 {keeps the pressure on.}) 31... Rxd3 $2 (31... Rd7 $17 32. Qf1 Rf8) 32. Nxc5 $14 Rf3 (32... Rd2 $14 33. Ne6 Bxe6 34. Qxe6 Rf8) 33. Qe7 (33. Qd5 $1 $16 {[%cal Rd5a8]} Re8 34. Kg2) 33... Raf8 {And now ...Bh3 would win.} 34. h3 Bxh3 35. Kh2 Bg4 {...R3f7 is the strong threat.} 36. Rg1 R8f7 37. Qd6 $2 {[%mdl 8192]} (37. Qe8 $1 $11 {and White has nothing to worry.}) 37... Rf2+ $2 (37... Re3 $1 $19 38. b3 Re2+ 39. Rg2 Re1) 38. Rg2 $11 Rf1 {Hoping for ...Rd1.} 39. Rd2 $2 {[%mdl 8192] [#]} (39. Qd5 $1 $15) 39... h5 $2 ({Black should play} 39... Bf3 $1 $19 {[%csl Gf3][%cal Rf1h1]} 40. g4 h5) 40. Nd3 Rd7 (40... Bf3 $5 41. Nf2 $8 Bh6 $11) 41. Qxb4 {aiming for Kg2.} Bf8 (41... Bf3 $14 42. Nf2 Rd4) 42. Qc3 $2 (42. Qb5 $16) 42... Bf3 $40 {[%csl Gf3][%cal Rf1h1][%mdl 128] White needs to defend precisely.} 43. g4 $2 {[%mdl 8192] [#]} (43. Rg2 $15) 43... Bh6 $1 $19 {( -> ...Rxd3). Black is clearly winning.} 44. Rg2 Rxd3 45. Qxe5 Bg7 (45... Bxg2 $142 46. Kxg2 Bg7 47. Qxg7+ Kxg7 48. Kxf1 hxg4) 46. Qc7 Bxg2 47. Kxg2 Rb1 {Precision: White = 21%, Black = 38%.} 0-1

[Event "CZE-tht Extraliga 2017-18"]
[Site "Czech Republic"]
[Date "2017.12.02"]
[Round "3.3"]
[White "Ragger, Markus"]
[Black "Jakubiec, Artur"]
[Result "1/2-1/2"]
[WhiteElo "2644"]
[BlackElo "2512"]
[Annotator "TA"]
[PlyCount "120"]
[EventDate "2017.??.??"]
[EventType "team-tourn"]
[EventCountry "CZE"]
[SourceTitle "playchess.com"]
[Source "ChessBase"]
[SourceQuality "1"]

{[%evp 16,120,22,14,39,36,52,41,52,40,42,0,-4,-8,50,18,26,23,28,18,39,28,39,34,29,42,37,4,14,10,14,6,0,0,0,0,0,-39,2,4,15,14,65,82,73,75,149,46,33,20,96,78,111,97,102,101,218,206,227,218,224,226,218,223,201,178,187,187,204,221,268,258,408,404,381,275,282,289,317,254,273,0,278,269,343,343,343,341,340,336,361,303,318,304,243,78,256,79,79,79,78,78,93,0,-8,-10,-8]} 1. e4 c5 2. Nf3 d6 3. d4 cxd4 4. Nxd4 Nf6 5. Nc3 a6 6. Be2 e5 7. Nf3 {[%cal Bd4f3,Bf3d2,Bd2c4][%mdl 32]} h6 8. Nd2 {B92: Sicilian Najdorf: 6 Be2} Be6 (8... b5 9. Nf1 Bb7 10. Bf3 Nbd7 11. Ne3 Nb6 12. O-O Rc8 13. Qd3 g6 14. Rd1 Be7 15. a4 b4 {0-1 (57) Carlsen,M (2832)-Vachier Lagrave,M (2796) Paris 2017}) 9. Nc4 {LiveBook: 5 Games} Qc7 10. Ne3 {White is slightly better.} Nbd7 11. O-O $146 ({Predecessor:} 11. Ncd5 Bxd5 12. Nxd5 Nxd5 13. Qxd5 Qxc2 14. Bc4 Rc8 15. Bb3 Qxc1+ 16. Rxc1 Rxc1+ {1-0 (63) Hovhannisyan,R (2640)-Gabuzyan,H (2607) Martuni 2016}) 11... Rc8 12. Bf3 g6 13. Ncd5 Bxd5 14. Nxd5 Qc6 (14... Qxc2 $11 15. Be3 Qxd1 16. Raxd1 Nxd5 17. Rxd5 h5) 15. Be3 (15. Nb4 {is more complex.} Qc7 16. c3 Be7 17. a4 Nc5 18. a5) 15... Nxd5 16. exd5 Qc7 17. c4 Bg7 18. Rc1 b6 19. b4 O-O 20. Be2 a5 21. a3 axb4 22. axb4 Ra8 23. Ra1 f5 24. Qb3 e4 25. Rxa8 Rxa8 26. g4 Kh8 27. gxf5 gxf5 28. f3 Rg8 (28... exf3 $11 29. Bxf3 (29. Rxf3 Qd8 $14) 29... Qd8) 29. Kh1 $14 Qd8 30. fxe4 fxe4 (30... Qe7 $142) 31. Bf4 ({White should try} 31. Qb1 $16) 31... Be5 32. Qe3 {White threatens Bxe5+ and mate.} Qh4 (32... Bxf4 $1 $11 {keeps the balance.} 33. Qxf4 (33. Rxf4 Qg5 $14) 33... Qg5 34. Qxe4 Ne5) 33. Qxe4 $40 {[%mdl 128] Intending Bxe5+ and mate. White is out for blood.} Bxf4 34. Qxf4 Qxf4 35. Rxf4 $16 {[%mdl 4096] Endgame KRB-KRN} Kg7 (35... Ra8 $16) 36. Re4 $1 $18 {[%cal Re4e7]} Nf6 {[#]} 37. Re7+ $1 Kg6 38. Re6 Rd8 39. Kg2 Kf7 40. Kf3 b5 41. cxb5 Nxd5 42. Rxh6 Nf6 43. Bd3 d5 (43... Kg7 {was necessary.}) 44. Kf4 d4 45. Bc4+ Ke7 46. Kf5 Rf8 47. Rh4 Rd8 48. Rh6 $2 (48. Bd3 $18) 48... Rc8 $2 {[%mdl 8192]} (48... Rf8 $11 {and Black is okay.} 49. Rg6 d3 50. Bxd3 Nd7+ 51. Ke4 Rh8) 49. Be2 (49. Rxf6 Rxc4 50. Re6+ Kf7 $16) 49... Rc2 {[#]} 50. Bf3 $1 ({Not} 50. Rxf6 Rxe2 51. Rh6 d3 $16) 50... Rf2 51. Kf4 Rf1 {intending ...d3.} 52. Rh4 Rb1 53. Ke5 Rxb4 54. Bc6 ({Weaker is} 54. Rxd4 Nd7+ 55. Ke4 Nc5+ 56. Ke3 Rxb5 $16) 54... Rb2 55. h3 $2 ({But not} 55. Rxd4 $6 Rxh2 56. Rd1 Rh5+ 57. Kd4 Kd6) (55. Rf4 $18 {is more deadly.} Nd7+ 56. Kxd4 Rxh2 57. Kc3) 55... Nd7+ $2 (55... d3 $16) 56. Kd5 $2 (56. Kf5 $18 {and White stays clearly on top.} Rf2+ 57. Ke4) 56... Nb6+ $16 57. Ke4 {aiming for Rh7+.} Kd6 58. Rh5 Rd2 59. Be8 (59. h4 $16) 59... Re2+ $11 60. Kxd4 {Threatens to win with Rh6+.} Rxe8 {Precision: White = 54%, Black = 37%.} 1/2-1/2

[Event "CZE-tht Extraliga 2017-18"]
[Site "Czech Republic"]
[Date "2017.12.02"]
[Round "3.3"]
[White "Smirin, Ilia"]
[Black "Yemelin, Vasily"]
[Result "1-0"]
[WhiteElo "2625"]
[BlackElo "2556"]
[Annotator "TA"]
[PlyCount "81"]
[EventDate "2017.??.??"]
[EventType "team-tourn"]
[EventCountry "CZE"]
[SourceTitle "playchess.com"]
[Source "ChessBase"]
[SourceQuality "1"]

{[%evp 18,81,47,10,21,9,16,13,8,8,16,4,33,19,26,0,0,-8,16,18,22,4,11,11,16,11,12,11,14,16,20,17,17,17,18,8,14,13,60,40,29,32,93,22,22,22,29,0,50,50,178,108,104,104,118,116,302,118,623,623,760,747,700,623,1720,1720]} 1. e4 e5 2. Nf3 Nc6 3. Bb5 Nf6 4. d3 d6 5. O-O Be7 6. c3 O-O {C65: Ruy Lopez: Berlin Defence (3...Nf6), unusual lines and 4 0-0 Bc5} 7. Re1 Bd7 8. a4 Re8 9. Nbd2 Bf8 10. a5 {LiveBook: 3 Games} h6 11. Nf1 b6 $146 ({Predecessor:} 11... a6 12. Bc4 Be6 13. Bxe6 Rxe6 14. c4 Ne7 15. Ng3 Ng6 16. b3 {½-½ (48) Yu,Y (2726)-Zhao,J (2616) Zaozhuang 2015}) 12. b4 a6 13. Ba4 bxa5 14. bxa5 Na7 15. Bb3 Be6 16. Bc2 c5 17. d4 cxd4 18. cxd4 Nb5 19. Bb2 Bg4 20. dxe5 Bxf3 21. Qxf3 dxe5 22. Ne3 Rc8 23. Bb3 Qd3 24. Nc4 Qxf3 25. gxf3 Nd4 26. Bxd4 $1 exd4 27. e5 {[%cal Be4e5,Be5e6,Be6f7][%mdl 32]} Nd7 28. Nb6 Nxb6 $1 29. axb6 {e6 is the strong threat.} Rb8 {[#]} ({Black should try} 29... Bb4 $1 $14 30. e6 Kf8) 30. Rxa6 (30. e6 $1 $16 {[%cal Re6f7]} fxe6 31. Rxe6 Rxe6 32. Bxe6+ Kh7 33. Rb1 (33. Rxa6 Bc5 $11)) 30... Bc5 $11 31. Ra7 Rf8 32. e6 {[%cal Ra7f7]} Bxb6 33. exf7+ Kh7 ({Black should play} 33... Kh8 $1 $14 34. Ra6 Bc5) 34. Rd7 (34. Bc2+ $18 Kh8 35. Rd7) 34... Bc5 35. Bc2+ g6 36. Re5 $36 {[%mdl 2048] Black is under strong pressure.} Rbc8 $2 {[#]} (36... Ba3 $16) 37. Re6 $2 (37. Be4 $1 $18 {and the rest is easy.}) 37... Ba3 $2 {[%mdl 8192]} (37... Rcd8 $16 38. Rxd8 (38. Bxg6+ Kg7 $16) (38. Rxg6 Rxd7 39. Rd6+ Kg7 $16) 38... Rxd8) 38. Be4 $18 {White is clearly winning.} Rcd8 {[#]} 39. Rxg6 $1 {[%csl Gf7][%cal Rg6g8][%mdl 512]} Kh8 {[#]} 40. Bd5 $1 {[%mdl 512] White wants to mate with Rxd8.} Kh7 {[#]} 41. Rg8 $1 {[%mdl 512] Precision: White = 46%, Black = 34%.} 1-0

[Event "CZE-tht Extraliga 2017-18"]
[Site "Czech Republic"]
[Date "2017.12.02"]
[Round "3.3"]
[White "Heberla, Bartlomiej"]
[Black "Antoniewski, Rafal"]
[Result "1/2-1/2"]
[WhiteElo "2558"]
[BlackElo "2531"]
[Annotator "TA"]
[PlyCount "85"]
[EventDate "2017.??.??"]
[EventType "team-tourn"]
[EventCountry "CZE"]
[SourceTitle "playchess.com"]
[Source "ChessBase"]
[SourceQuality "1"]

{[%evp 21,85,18,22,24,25,26,36,38,38,27,37,37,43,44,43,16,19,13,35,18,18,4,39,42,47,35,32,20,8,0,0,0,0,0,0,0,0,0,0,-14,-14,-22,0,0,0,0,0,-26,-14,-16,-10,-38,-41,-54,-19,-54,-43,-52,-32,-51,0,-42,-17,-41,0,-25]} 1. d4 Nf6 2. c4 Nc6 3. Nf3 e6 4. Nc3 Bb4 5. Bd2 O-O 6. Qc2 d6 7. a3 Bxc3 8. Bxc3 Qe7 9. e3 a5 10. Bd3 {E33: Nimzo-Indian: Classical: 4...Nc6} e5 11. d5 Nb8 {LiveBook: 11 Games} 12. O-O Nbd7 {[#] White must now prevent ...e4.} 13. Nd2 a4 14. f4 Re8 {[#]} 15. h3 $146 ({Predecessor:} 15. Ne4 Nxe4 16. Bxe4 h6 17. Bh7+ Kh8 {0-1 (44) Vaisser,A (2556)-Fressinet,L (2714) Pau 2012}) 15... h6 16. Ne4 Nxe4 17. Bxe4 Nf6 18. fxe5 {[%cal Rf1f6] [#] aiming for Rxf6.} Nxe4 19. Qxe4 dxe5 20. Bb4 Qg5 21. Qf3 Qg6 22. e4 Ra6 23. Qe3 Qg5 24. Qxg5 (24. Qe2 {with more complications.} f5 25. exf5 Bxf5 26. Rae1 Rf6 27. Bd2) 24... hxg5 25. c5 Bd7 26. Rac1 f6 27. Rf3 Kf7 28. Kf2 Rh8 29. g4 c6 30. Bd2 cxd5 31. exd5 Bb5 32. b4 Rd8 33. d6 Ke6 34. Re1 Bc6 35. Rfe3 Raa8 36. Bc3 {[%cal Rc3e5]} Kd7 37. Kg3 Rf8 38. Rb1 Bb5 $1 39. Rh1 Rac8 40. Rc1 Rce8 (40... Rb8 $15) 41. Rc2 Rh8 42. Rf2 Bc4 43. Bb2 {Precision: White = 45%, Black = 66%.} 1/2-1/2

[Event "CZE-tht Extraliga 2017-18"]
[Site "Czech Republic"]
[Date "2017.12.02"]
[Round "3.3"]
[White "Cyborowski, Lukasz"]
[Black "Spacek, Petr"]
[Result "1/2-1/2"]
[WhiteElo "2517"]
[BlackElo "2378"]
[Annotator "TA"]
[PlyCount "95"]
[EventDate "2017.??.??"]
[EventType "team-tourn"]
[EventCountry "CZE"]
[SourceTitle "playchess.com"]
[Source "ChessBase"]
[SourceQuality "1"]

{[%evp 17,95,14,2,11,4,-27,-27,-20,0,0,0,0,35,19,22,22,36,10,26,32,72,79,64,35,35,31,52,37,35,18,10,10,10,10,11,12,45,0,0,0,0,0,0,0,0,0,0,0,0,0,0,0,6,6,175,0,0,0,0,0,0,0,0,0,0,0,0,0,0,0,0,0,8,0,0,0,0,0,0,0]} 1. c4 e6 2. Nf3 d5 3. d4 Nf6 4. Nc3 Be7 5. Bf4 O-O 6. e3 Nbd7 7. c5 {D37: Queen's Gambit Declined: 5 Bf4} Ne4 (7... c6 8. b4 b6 9. h3 a5 10. a3 h6 11. Bd3 Ba6 12. O-O Qc8 13. Qc2 Bxd3 14. Qxd3 Qb7 {½-½ (44) Nakamura,H (2780)-Topalov,V (2749) Saint Louis 2017}) 8. Rc1 f5 9. h3 c6 {LiveBook: 5 Games} 10. Be2 b6 11. cxb6 $146 ({Predecessor:} 11. O-O bxc5 12. dxc5 Ndxc5 13. Nxe4 fxe4 14. Nd4 Qb6 {1-0 (45) Mahalakshmi,M (2185)-Tarini,G (2090) Kankarbagh 2017}) 11... axb6 12. O-O Ba6 13. Bxa6 Rxa6 14. a4 Qa8 15. b3 Qb7 16. Nxe4 fxe4 17. Ne5 {[#] Strongly threatening Qg4.} Nxe5 18. Bxe5 {Black must now prevent Qg4.} Bf6 19. Bxf6 Rxf6 20. Qc2 b5 21. Ra1 {[%cal Bc1a1,Ba1a2,Ba2c2,Bc2c8][%mdl 32]} Qa8 22. Ra2 Rf7 23. Rfa1 {Threatens to win with axb5.} Rfa7 24. Qc5 Qf8 25. Qc3 h6 26. Rc1 Kh7 {[%cal Rb5a4]} 27. Rac2 bxa4 28. bxa4 Rxa4 29. Qxc6 R4a6 30. Qc8 Qxc8 31. Rxc8 Ra1 32. Rxa1 Rxa1+ $11 {[%mdl 4096] Endgame KR-KR} 33. Kh2 {And now Rc6 would win.} Kg6 34. Rf8 h5 35. Kg3 {Black should prevent Kf4.} Rg1 $2 {[#]} (35... Rf1 $11) 36. h4 $2 (36. Kf4 $1 $18) 36... Rf1 $1 {The position is equal.} 37. f3 exf3 38. gxf3 Rd1 39. Kf4 {aiming for Ke5.} Rd3 40. Rh8 Ra3 41. Re8 Kf7 42. Rb8 Rd3 43. Rh8 Kg6 44. Rf8 Ra3 45. Rc8 Rd3 46. Ra8 Kf6 47. Rh8 Kg6 48. Rf8 {Precision: White = 69%, Black = 67%.} 1/2-1/2

[Event "CZE-tht Extraliga 2017-18"]
[Site "Czech Republic"]
[Date "2017.12.02"]
[Round "3.3"]
[White "Bernasek, Jan"]
[Black "Cvek, Robert"]
[Result "1/2-1/2"]
[WhiteElo "2494"]
[BlackElo "2504"]
[Annotator "TA"]
[PlyCount "120"]
[EventDate "2017.??.??"]
[EventType "team-tourn"]
[EventCountry "CZE"]
[SourceTitle "playchess.com"]
[Source "ChessBase"]
[SourceQuality "1"]

{[%evp 17,120,0,0,0,21,26,53,53,52,48,53,53,53,50,54,51,51,46,42,45,46,41,45,41,49,48,44,34,33,15,50,8,22,14,15,-44,-33,-54,-56,-39,-8,-10,-8,-8,0,0,0,0,0,0,0,0,0,0,0,0,0,0,0,0,0,0,0,0,0,0,0,0,0,-8,-8,0,0,-3,0,0,0,0,0,0,0,0,8,8,8,8,8,8,8,8,8,8,8,0,0,0,0,0,0,0,0,0,0,0,0]} 1. d4 e6 2. c4 Bb4+ 3. Nd2 Nf6 4. e3 O-O 5. Ngf3 d5 6. Bd3 b6 7. O-O Bb7 8. cxd5 {E14: Queen's Indian: Classical Variation (4 e3)} (8. b3 Nbd7 9. Bb2 Rc8 10. Qe2 c5 11. a3 Bxd2 12. Nxd2 cxd4 13. exd4 Qc7 14. f4 Rfe8 15. Rae1 Nf8 16. Nf3 Ne4 17. Bxe4 dxe4 {½-½ (54) Jakovenko,D (2714)-Vitiugov,N (2721) Novosibirsk 2016}) 8... exd5 9. Ne5 Bd6 {LiveBook: 3 Games} 10. b3 Ne4 11. Qc2 {[%cal Rd2e4]} f5 12. f3 Nxd2 $1 13. Bxd2 Nd7 $146 ({Predecessor:} 13... Qf6) 14. Bxf5 Nxe5 15. dxe5 Bxe5 16. Bxh7+ Kh8 17. Rac1 Qh4 $1 18. f4 Qxh7 19. Qxh7+ Kxh7 20. fxe5 Rxf1+ 21. Rxf1 $14 {[%mdl 4096] Endgame aiming for Rf7. KRB-KRB} Kg8 $1 22. Rf4 Bc8 23. Kf2 Be6 24. Kg3 a5 25. Kh4 c5 26. Kg5 ({White should play} 26. a4 $11) 26... b5 $15 27. h4 b4 28. h5 a4 {[#] Hoping for ...axb3.} 29. h6 {The position is equal.} axb3 30. axb3 Ra2 31. Kg6 $1 {White wants to mate with h7+.} gxh6 32. Kf6 Bc8 33. Ke7 {[#] And now Rf8+ would win.} Kg7 34. Rf2 c4 35. Rf7+ Kg6 36. Rf6+ Kh5 37. Bxb4 cxb3 38. Bc3 Rxg2 39. Rc6 Bf5 {White must now prevent ...b2.} 40. Rb6 Rg7+ 41. Kf8 Rc7 (41... Rg6 {is interesting.} 42. Rxb3 Rc6 43. Ba5 Kg4 44. Rb4+ Be4) 42. Bd4 Kg4 43. Rxb3 Rc6 44. Rb4 Kg5 45. Bb6 Rc4 46. Rb2 h5 47. Kf7 Rc2 48. Bd8+ Kg4 49. Rb6 Rc8 50. Rd6 h4 $132 {[%mdl 2048] ...h3 is the strong threat. Black has counterplay} 51. e6 Bxe6+ $1 52. Kxe6 $11 {KRB-KR} h3 {Strongly threatening ...h2.} 53. Kd7 Rc3 54. Bb6 Kf3 55. Rh6 Kg2 56. Bd4 Ra3 57. Rg6+ Kf1 58. Rf6+ Kg2 59. Rg6+ Kf1 60. Rh6 Kg2 {Precision: White = 70%, Black = 79%.} 1/2-1/2

[Event "CZE-tht Extraliga 2017-18"]
[Site "Czech Republic"]
[Date "2017.12.02"]
[Round "3.3"]
[White "Dragnev, Valentin"]
[Black "Kuchynka, Lukas"]
[Result "1-0"]
[WhiteElo "2461"]
[BlackElo "2303"]
[Annotator "TA"]
[PlyCount "63"]
[EventDate "2017.??.??"]
[EventType "team-tourn"]
[EventCountry "CZE"]
[SourceTitle "playchess.com"]
[Source "ChessBase"]
[SourceQuality "1"]

{[%evp 24,63,30,27,36,41,53,0,106,16,16,16,16,16,18,10,9,8,18,14,14,27,23,12,75,75,79,72,94,104,96,81,83,88,379,369,366,354,884,864,5875,5629]} 1. e4 b6 2. d4 Bb7 3. Nd2 e6 4. Ngf3 c5 5. c3 {[%cal Bc2c3,Bc3d4][%mdl 32]} cxd4 6. cxd4 Nf6 7. Bd3 Ba6 8. Bxa6 Nxa6 9. O-O Be7 10. d5 {B00: Queen's Fianchetto Defence, Nimzowitsch Defence} exd5 11. e5 Ne4 12. Nxe4 dxe4 13. Nd4 {LiveBook: 4 Games} Nc5 14. Qg4 {[%mdl 1024] White has compensation.} g6 {[%cal Bg7g6,Bg6g5][%mdl 32]} 15. Bh6 {[#]} (15. b4 $14 h5 16. Qe2) 15... Qc7 $146 {[#]} (15... d5 $11 {keeps the balance.}) ({Predecessor:} 15... d5 16. exd6 Qxd6 17. Rad1 f5 {0-1 (38) Archangelsky,M (2270)-Kveinys,A (2520) Cappelle-la-Grande 1994}) 16. Nb5 $1 $16 {[%cal Rb5c7]} Qc6 17. Qe2 a6 18. Nc3 {And now b4 would win.} g5 $1 19. Bg7 $36 {[%mdl 2048] Black is under pressure.} Rg8 20. Bf6 $1 {[%cal Rf6e7] Hoping for Bxe7.} Bxf6 21. exf6 {Black should prevent Rad1.} d5 22. Rac1 a5 23. f3 O-O-O (23... Rg6 $1 $11) 24. fxe4 dxe4 25. Nxe4 Rd5 26. Qh5 Re8 27. Qxh7 Kb8 28. Kh1 ({Weaker is} 28. Qxf7 Rxe4 29. Qg8+ Re8 $18) 28... Rde5 $2 {[%mdl 8192] [#]} (28... Qd7 $16 {keeps fighting.} 29. Nxc5 bxc5) 29. Nxc5 $18 Rxc5 30. Rxc5 bxc5 $2 (30... Qxc5 31. Qxf7 Qb5) 31. Qxf7 Re2 32. Qg8+ {Precision: White = 86%, Black = 54%.} 1-0

[Event "CZE-tht Extraliga 2017-18"]
[Site "Czech Republic"]
[Date "2017.12.02"]
[Round "3.4"]
[White "Rausis, Igors"]
[Black "Kalod, Radek"]
[Result "1/2-1/2"]
[WhiteElo "2626"]
[BlackElo "2476"]
[Annotator "TA"]
[PlyCount "36"]
[EventDate "2017.??.??"]
[EventType "team-tourn"]
[EventCountry "CZE"]
[SourceTitle "playchess.com"]
[Source "ChessBase"]
[SourceQuality "1"]

{[%evp 32,36,0,-23,0,0,14]} 1. e4 c5 2. c3 d5 3. exd5 Qxd5 4. d4 Nf6 5. Nf3 Bg4 6. Be2 e6 7. h3 Bh5 8. O-O Nc6 9. Be3 cxd4 10. cxd4 Be7 11. Nc3 Qd6 12. Qb3 O-O 13. Rfd1 Rfd8 14. a3 a6 15. Rac1 {B22: Sicilian: 2 c3} Na5 16. Qa2 Nc6 $146 ({Predecessor:} 16... b5 17. g4 Bg6 18. Ne5 Rac8 19. b4 Nc4 20. Nxc4 bxc4 21. Bxc4 Ne4 22. Nxe4 Bxe4 {1-0 (44) Kaidanov,G (2587)-Perez Ponsa,F (2489) Mar del Plata 2012}) 17. Qb3 {LiveBook: 71 Games} Na5 18. Qa2 Nc6 1/2-1/2

[Event "CZE-tht Extraliga 2017-18"]
[Site "Czech Republic"]
[Date "2017.12.02"]
[Round "3.4"]
[White "Plat, Vojtech"]
[Black "Hracek, Zbynek"]
[Result "1/2-1/2"]
[WhiteElo "2560"]
[BlackElo "2613"]
[Annotator "TA"]
[PlyCount "59"]
[EventDate "2017.??.??"]
[EventType "team-tourn"]
[EventCountry "CZE"]
[SourceTitle "playchess.com"]
[Source "ChessBase"]
[SourceQuality "1"]

{[%evp 31,59,0,0,0,0,-13,-14,-17,-15,-47,0,0,0,0,0,0,0,0,4,0,0,0,0,0,0,0,0,0,0,0]} 1. e4 e5 2. Nf3 Nc6 3. d4 exd4 4. Nxd4 Nf6 5. Nxc6 bxc6 6. e5 Qe7 7. Qe2 Nd5 8. c4 Ba6 9. b3 g6 10. g3 Bg7 11. Bb2 O-O-O 12. Bg2 Rhe8 {C45: Scotch Game} 13. O-O Bxe5 14. Qxe5 Qxe5 15. Bxe5 Rxe5 16. cxd5 Bxf1 {LiveBook: 15 Games} 17. Kxf1 cxd5 18. Nc3 (18. Na3 c6 19. Nc2 Kc7 20. Rd1 Rb8 21. Bf3 Rb5 22. Be2 Rb8 23. Bf3 Rb5 24. Be2 Rb8 25. Bf3 {½-½ (25) Hracek,Z (2610)-Gharamian,T (2626) Mali Losinj 2017}) 18... c6 $1 19. Rc1 Kb7 20. Na4 Re7 21. Nc5+ {The position is equal.} Kb6 $146 22. b4 {[%cal Bb3b4,Bb4b5,Bb5c6][%mdl 32]} Ra8 23. Nb3 Rae8 24. Bf3 h5 25. h4 Re5 26. a4 Kc7 27. b5 Kd6 28. Nd4 {[%cal Rb5c6]} Rc8 29. a5 Ree8 30. bxc6 1/2-1/2

[Event "CZE-tht Extraliga 2017-18"]
[Site "Czech Republic"]
[Date "2017.12.02"]
[Round "3.4"]
[White "Murdzia, Piotr"]
[Black "Jurcik, Marian"]
[Result "0-1"]
[WhiteElo "2433"]
[BlackElo "2478"]
[Annotator "TA"]
[PlyCount "96"]
[EventDate "2017.??.??"]
[EventType "team-tourn"]
[EventCountry "CZE"]
[SourceTitle "playchess.com"]
[Source "ChessBase"]
[SourceQuality "1"]

{[%evp 17,96,19,31,6,2,-20,0,-34,-10,-12,0,0,0,5,42,36,43,35,52,41,73,68,79,49,26,11,18,23,22,-58,-44,-41,-45,-34,0,0,164,-282,-290,-284,-304,-271,-272,-316,-295,-327,-330,-358,-354,-430,-400,-393,-376,-436,-333,-369,-342,-465,-465,-663,-663,-632,-475,-438,-465,-446,-465,-745,-732,-690,-704,-771,-791,-750,-736,-1080,-1150,-1242,-1213,-29986,-29987]} 1. d4 Nf6 2. c4 e6 3. Nc3 Bb4 4. Nf3 b6 5. Bg5 h6 6. Bh4 Bb7 7. Nd2 Nc6 {E13: Queen's Indian/Nimzo-Indian hybrid: 4 Nc3 Bb7 5 Bg5 h6 6 Bh4 Bb4} (7... Qe7 8. Qc2 c5 9. a3 Bxc3 10. Qxc3 cxd4 11. Qxd4 Nc6 12. Qc3 Rc8 13. e3 O-O 14. Rd1 d5 15. Bxf6 gxf6 16. cxd5 {0-1 (31) Jobava,B (2701)-Carlsen,M (2838) chess.com INT 2017}) 8. e3 Ne7 9. Bxf6 gxf6 {LiveBook: 27 Games. The position is equal.} 10. e4 $146 ({Predecessor:} 10. Qb3 Ba5 11. O-O-O Nf5 12. d5 Qe7 13. Nb5 Kf8 14. Bd3 a6 15. Nc3 {½-½ (34) Bacrot,E (2705)-Dgebuadze,A (2544) Germany 2011}) 10... f5 11. Bd3 Ng6 12. g3 (12. exf5 {is more complex.} Bxg2 13. Rg1 Nf4 14. Be4 Bxe4 15. Ndxe4 exf5 16. Ng3) 12... Bxc3 13. bxc3 fxe4 14. Bxe4 Bxe4 15. Nxe4 f5 16. Qh5 Kf7 17. Nd2 Qg5 18. Qe2 c6 19. f4 Qe7 20. Nf3 Qa3 21. O-O Qxc3 22. Rac1 Qa3 23. c5 ({White should play} 23. Kh1 $11) 23... Rab8 24. Rfd1 Rh7 25. d5 cxd5 26. c6 Qd6 $2 {[#]} (26... Qa4 $11 {and Black stays safe.}) 27. h4 $4 {[%mdl 8192]} (27. Nd4 $1 $18 {is the narrow road to win.}) 27... dxc6 $19 28. h5 Ne7 29. Ne5+ Kg8 30. Kh2 Rg7 31. Nc4 Qd7 32. Ne5 Qe8 33. Rg1 c5 {[%cal Bc6c5,Bc5c4][%mdl 32]} 34. Rce1 Kh7 35. Rg2 Rb7 {[%cal Bb8b7,Bb7c7,Bc7g7][%mdl 32]} 36. Qf3 Rc7 37. Rge2 c4 38. Qc3 (38. Rd1 $142) 38... Qxh5+ 39. Kg2 Ng6 40. Nxg6 Rxg6 ({Weaker is} 40... Qxg6 41. Rxe6 d4 42. Rxg6 $19) 41. Rxe6 Rcg7 {...d4! is the strong threat.} 42. R1e3 (42. Rxg6 $142 Qxg6 43. Re3) 42... Rxe6 43. Rxe6 {[%mdl 4096] Endgame KQR-KQR} Qg4 44. Re3 h5 {[%cal Bh6h5,Bh5h4][%mdl 32]} 45. Qe5 h4 46. Qf6 b5 47. a3 a5 48. Qc3 {[#]} Qxg3+ $1 {[%mdl 512] Precision: White = 27%, Black = 68%.} 0-1